Professional communication in engineering
Guardat en:
| Autor principal: | |
|---|---|
| Format: | Llibre |
| Idioma: | anglès |
| Publicat: |
Hampshire, United Kingdom:
Palgrave Macmillan,
2006
|
| Edició: | 1a. ed |
| Col·lecció: | Palgrave Studies in Professional and Organizational Discourse
|
| Matèries: | |
| Etiquetes: |
Afegir etiqueta
Sense etiquetes, Sigues el primer a etiquetar aquest registre!
|
MARC
| LEADER | 00000nam a2200000 a 4500 | ||
|---|---|---|---|
| 001 | UCJ9387 | ||
| 003 | CL-VaPUC | ||
| 005 | 20220504112247.0 | ||
| 008 | 070316e20060000uk |||||||||||||||||eng|d | ||
| 999 | |c 324917 |d 324915 | ||
| 020 | |a 9780230580138 | ||
| 040 | |c Pontificia Universidad Católica de Valparaíso | ||
| 082 | 0 | 4 | |a 620.0014 SAL 2006 |2 21 |
| 100 | 0 | |a Sales, Hazel E |e author |9 519365 | |
| 245 | 1 | 0 | |a Professional communication in engineering |
| 250 | |a 1a. ed | ||
| 260 | |a Hampshire, United Kingdom: |b Palgrave Macmillan, |c 2006 | ||
| 300 | |a 254 páginas | ||
| 490 | 0 | |a Palgrave Studies in Professional and Organizational Discourse | |
| 500 | |a C.2 Donación Familia profesor Giovanni Parodi S. Memo 01/2022. 25-03-2022 | ||
| 583 | |a last modification |c 20171130 06:53:12 |k Rodrigo Vera | ||
| 650 | 0 | |a Ingeniería |9 259380 |x Redacción técnica | |
| 650 | 0 | |a Comunicación |9 257251 | |
| 942 | |c BK |2 ddc | ||
| 945 | |d 20070316 00:00:00 |a cmena | ||
| 952 | |0 0 |1 0 |4 0 |6 620_001400000000000_SAL_2006 |7 0 |8 A |9 405307 |a FDOPOS |b FDOPOS |d 2019-11-22 |i 4325370 |o 620.0014 SAL 2006 |p 4325370 |r 2025-01-22 |w 2019-11-22 |y BK |k MLA | ||
| 952 | |0 0 |1 0 |2 ddc |4 0 |6 620_001400000000000_SAL_2006 |7 0 |8 C_GPS |9 582483 |a FDOPOS |b FDOPOS |c GEN |d 2022-04-06 |e Donación |i 5650715 |o 620.0014 SAL 2006 |p 5650715 |r 2025-01-22 |t 2 |w 2022-04-06 |y BK |k MLA | ||